Geography Generator Puzzle #3 - Statistics

General Stats
  • This quiz has been taken 16,394 times
    16,344 since last reset
  • The average score is 13 of 21
Answer Stats
Hint Answer % Correct
____ Blanc, France Mont
86%
New York square Times
86%
Paulo or Tomé, e.g. São
81%
New England state Maine
80%
U.S. state capital Des ______ Moines
79%
Baltic state Estonia
78%
Coal or gold source Mine
75%
Thailand, formerly Siam
74%
Synonym of country Nation
71%
Red or Dead, e.g. Sea
70%
Muscat is its capital Oman
69%
Castle water barrier Moat
67%
Isle in the Irish sea Man
66%
_____-Dixon line Mason
61%
English boys' college town Eton
56%
Blarney feature Stone
54%
Hitler's Eagle's ____ Nest
50%
Table-topped hill Mesa
43%
Que. and Man. neighbour Ont.
28%
Biggest city on the Loire Nantes
22%
9-Letter Location MINNESOTA
20%
No matching quizzes found
Score Distribution
Percent of People with Each Score
Percentile by Number Answered
Your Score History
You have not taken this quiz since the last reset